000 00609nam a2200265Ia 4500
005 20260121170126.0
008 008 260114s9999 xx 000 0 eng d
020 _a9783319602196
037 _aEBOOK
040 _aCRL
040 _beng
040 _cCRL
041 _2eng
041 _aeng
084 _qCRL
100 _aTheo Lieven
_91060121
245 0 _aBrand Gender
260 _bSpringer
260 _bSpringer
260 _c2018
856 _uhttps://link.springer.com/openurl?genre=book&isbn=978-3-319-60219-6
942 _cEBOOK
999 _c1625850
_d1625850